Matemáticas para administración y economía

সংরক্ষণ করুন:
গ্রন্থ-পঞ্জীর বিবরন
প্রধান লেখক: Haeussler, Ernest F (Author), Paul, Richard S (Author), Wood, Richard J (Author)
বিন্যাস: গ্রন্থ
ভাষা:স্প্যানিশ
প্রকাশিত: Cuernavaca, Mëxico Pearson Educación 2008
সংস্করন:Decimosegunda edición
বিষয়গুলি:
অনলাইন ব্যবহার করুন:Disponible Online
ট্যাগগুলো: ট্যাগ যুক্ত করুন
কোনো ট্যাগ নেই, প্রথমজন হিসাবে ট্যাগ করুন!

MARC

LEADER 00000cam a2200000 a 4500
001 UCE2008
003 CL-VaPUC
005 20230629120257.0
008 140605e20080000mx |||||||||||||||||spa|d
999 |c 355688  |d 355686 
020 |a 9789702611479 
040 |c Pontificia Universidad Católica de Valparaíso 
082 0 4 |a 519 HAE 2008  |2 21 
100 |a Haeussler, Ernest F  |e author  |9 574465 
245 1 0 |a Matemáticas para administración y economía 
250 |a Decimosegunda edición  
260 |a Cuernavaca, Mëxico   |b Pearson Educación  |c 2008 
300 |a 842 páginas  
583 |a last modification  |c 20140605 14:22:00  |k Rodrigo Vera 
650 0 |a Álgebra  |9 259567 
650 0 |a Cálculo  |9 260234 
650 0 |a Matemáticas financieras  |9 260347 
700 0 |a Paul, Richard S  |e author  |9 574466 
700 0 |a Wood, Richard J  |e author  |9 574467 
856 |u http://bibliografiadigital.pucv.cl.pucv.idm.oclc.org/index.php/bibliotecapucv/catalog/book/272  |y Disponible Online  
942 |c BK  |2 ddc 
945 |d 20140605 14:22:00  |a dcastane 
952 |0 0  |1 0  |3 erb  |4 0  |6 519_000000000000000_HAE_2008  |7 0  |8 R  |9 462498  |a BIBGIM  |b BIBGIM  |i 508198K  |l 1  |m 1  |o 519 HAE 2008  |p 508198K  |q 2025-07-31  |r 2020-03-05  |s 2020-03-05  |w 2019-11-23  |y BK_R  |z Catalogado en:20140605  |k COM 
952 |0 0  |1 0  |3 erb  |4 0  |6 519_000000000000000_HAE_2008  |7 0  |8 R  |9 462499  |a BIBGIM  |b BIBGIM  |i 5081998  |l 16  |m 3  |o 519 HAE 2008  |p 5081998  |r 2025-01-15  |s 2024-08-07  |w 2019-11-23  |y BK_R  |z Catalogado en:20140605  |k COM